00542 2200193 4500001002100000005001500021035002000036245008000056100001700136300002900153700001700182260004300199082001000242084001600252020001800268600002800286600002200314990001200336INLIS00000000000135320201001021926 a0010-10200000531 aDakwah pemberdayaan masyarakat :bparadigma aksi metodologi /cMoh Ali Aziz0 aMoh Ali Aziz a419 Halaman :bIlustrasi0 aR. Suhartini aYogyakarta :bPustaka Pesantren,c2005 a307.7 a307.7 MOH d a979-8451-22-8 4aPemberdayaan Masyarakat 4aMetodologi Dakwah a151.709